000 00700nam a2200217 a 4500
001 000015312
005 20240412074243.0
008 100205s2006 dr 001 p spa d
020 _a9945052020
040 _aDO-SdBNP
_bspa
_cBNPHU
082 _aRD861.5
_bM828p
100 1 _aMorales Herrero, Tony,
_d1973-
_933984
245 1 0 _aDe pueblos y de amores /
_cTony Morales Herrero.
260 _aSanto Domingo :
_bCollado,
_c2006.
300 _a72 p. ;
_c22 cm.
500 _aIncluye datos biográficos del autor en la contracubierta.
590 _aInventariado, 2019 / DG
650 0 _aPoesía dominicana
_966
650 0 _aLiteratura dominicana.
_967
910 _aValidado. Control de calidad BNPHU
999 _c14878
_d14878